Prof. G Ram Reddy Library

Wings to awakening (Record no. 15260)

MARC details
000 -LEADER
fixed length control field 00442nam a2200169Ia 4500
003 - CONTROL NUMBER IDENTIFIER
control field LDD
040 ## - CATALOGING SOURCE
Transcribing agency LDD
082 ## - DEWEY DECIMAL CLASSIFICATION NUMBER
Classification number 294.382 B469W
100 ## - MAIN ENTRY--PERSONAL NAME
Personal name Bhikkhu, Thanissaro
245 #0 - TITLE STATEMENT
Title Wings to awakening
Remainder of title An anthology from the pali canon
Statement of responsibility, etc. Thanissaro Bhikkhu
260 ## - PUBLICATION, DISTRIBUTION, ETC.
Place of publication, distribution, etc. USA
Name of publisher, distributor, etc. Dhamma dana publications
Date of publication, distribution, etc. 1996
300 ## - PHYSICAL DESCRIPTION
Extent xii, 352p.
365 ## - TRADE PRICE
Price amount 704.00
901 ## - LOCAL DATA ELEMENT A, LDA (RLIN)
a 8302
b 17-01-2012
903 ## - LOCAL DATA ELEMENT C, LDC (RLIN)
b Gifted by : Madhuwala
942 ## - ADDED ENTRY ELEMENTS (KOHA)
Source of classification or shelving scheme Dewey Decimal Classification
Koha item type Gift Books
Holdings
Withdrawn status Lost status Source of classification or shelving scheme Damaged status Not for loan Home library Current library Total Checkouts Full call number Barcode Date last seen Price effective from Koha item type
No   Dewey Decimal Classification     Library and Documentation Division Library and Documentation Division   294.382 B469W G015656 11/01/2018 11/01/2018 Gift Books

© Prof. G Ram Reddy Centre Library, Indira Gandhi National Open University, Maidan Garhi, New Delhi, 110068
+91-011-29532797 | FAX+91-011-29533393 |